| 000 | 00648cab a2200253 4500 | ||
|---|---|---|---|
| 001 | WB2643-42 | ||
| 008 | 090401t1990 xxu||||| |||| 00| 0 eng d | ||
| 035 | _a(Sirsi) u9406 | ||
| 041 | _aeng | ||
| 245 | _aBusiness rates to rise by 10% | ||
| 260 | _c1990 | ||
| 350 | _a0 | ||
| 490 |
_aTimes _v31/10/90 p2 |
||
| 490 |
_aFinancial Times _v31/10/90 p20 |
||
| 490 |
_aIndependent _v1/11/90 p3(2) |
||
| 520 | _aBusiness rates are expected to rise on average by 10% from April 1991. | ||
| 650 | _aCAPPING | ||
| 650 | _aOVERHEADS | ||
| 650 | _aSLUMP | ||
| 650 | _aUBR | ||
| 690 | _aRATING AND VALUATION | ||
| 942 | _n0 | ||
| 948 | _c04/03/1997 | ||
| 999 |
_c5870 _d5870 |
||